| 000 | 02614nkc a22003017a 4500 | ||
|---|---|---|---|
| 001 | 85857 | ||
| 005 | 20260430092936.0 | ||
| 007 | kh bo | ||
| 008 | 260430s1890 sp ||||| |||| |0| i|spa d | ||
| 040 |
_aM-RABA _bspa _cM-RABA |
||
| 245 | 0 | 1 |
_a[Catedral de Santa María de Tudela _b: vistas interiores y exteriores] _h[Material gráfico] |
| 260 |
_a: Navarra _c[ca.1890] |
||
| 300 |
_a7 fotografías _b: aristotipo _c, imagen 23,5 x 18 cm |
||
| 500 | 0 | 0 | _aConjunto de fotografías que representan diferentes vistas de la Catedral de Santa María de Tudela en Navarra. |
| 500 | 0 | 0 | _aNota manuscrita a lápiz al verso de las imágenes: Fot-815: Sin nota manuscrita. Vista de la Puerta del Juicio - Oeste. Catedral de Tudela (Navarra). Fot-816: "Tudela (Navarra). Torre de --". Esta torre no corresponde a la Catedral, sino a la Iglesia de Santa María Magdalena en Tudela. Fot-817: "Catedral de Tudela. Navarra. Coro (lado epístola). Fot-818: "Catedral de Tudela (Navarra)". Vista de Puerta de Santa María - Norte. Fot-819: "Catedral de Tudela (interior). Crucero". Fot-820: "Tudela (Navarra). Portada de S.". Refiriéndose a Puerta del portal o la de la Virgen - Sur. Fot-821: "Parte central del coro de la Catedral de Tudela. Navarra". |
| 610 | 2 | 7 |
_aCatedral de Tudela _971393 |
| 651 | 7 |
_aTudela (Navarra, España) _94755 |
|
| 655 | 0 |
_aFotografías de monumentos _9111580 |
|
| 852 | _jFot-815; Fot-816; Fot-817; Fot-818; Fot-819; Fot-820; Fot-821 | ||
| 856 |
_uhttps://archivoybiblioteca.realacademiabellasartessanfernando.com/cgi-bin/koha/opac-retrieve-file.pl?id=b4ee3691f329dc87a12054a2e4bc7683 _yFot-815 |
||
| 856 |
_uhttps://archivoybiblioteca.realacademiabellasartessanfernando.com/cgi-bin/koha/opac-retrieve-file.pl?id=7dd6526a7ce369eb0e829656a5f225bb _yFot-816 |
||
| 856 |
_uhttps://archivoybiblioteca.realacademiabellasartessanfernando.com/cgi-bin/koha/opac-retrieve-file.pl?id=f8869d105cd8ac994bfef015dc0209c5 _yFot-817 |
||
| 856 |
_uhttps://archivoybiblioteca.realacademiabellasartessanfernando.com/cgi-bin/koha/opac-retrieve-file.pl?id=db73d666b2c3550ed7d91afd5623344e _yFot-818 |
||
| 856 |
_uhttps://archivoybiblioteca.realacademiabellasartessanfernando.com/cgi-bin/koha/opac-retrieve-file.pl?id=a2add0c9980ab18359e1c45828785189 _yFot-819 |
||
| 856 |
_uhttps://archivoybiblioteca.realacademiabellasartessanfernando.com/cgi-bin/koha/opac-retrieve-file.pl?id=58bb52867bbeac0f14356b0bbee09ea0 _yFot-820 |
||
| 856 |
_uhttps://archivoybiblioteca.realacademiabellasartessanfernando.com/cgi-bin/koha/opac-retrieve-file.pl?id=e81445dc6dcf9b22b7f8aaa3c8010048 _yFot-821 |
||
| 942 |
_cFOTOGRAFÍA _n0 |
||
| 999 |
_c85857 _d85857 |
||